Back to reality? : social experience and cultural studies
Αποθηκεύτηκε σε:
| Άλλοι συγγραφείς: | |
|---|---|
| Μορφή: | Βιβλίο |
| Γλώσσα: | English |
| Δημοσίευση: |
Manchester :
Manchester University Press,
c1997
|
| Θέματα: | |
| Ετικέτες: |
Προσθήκη ετικέτας
Δεν υπάρχουν, Καταχωρήστε ετικέτα πρώτοι!
|
MARC
| LEADER | 00000nam a2200000 i 4500 | ||
|---|---|---|---|
| 001 | 1/25699 | ||
| 008 | 981209s1997 eng d | ||
| 020 | |a 0-7190-4455-3 | ||
| 035 | |l 10037399 | ||
| 040 | |a GR-MY-UA |b gre |e aacr | ||
| 041 | 0 | |a eng | |
| 082 | 0 | |a 306.01 | |
| 245 | 1 | 0 | |a Back to reality? : |b social experience and cultural studies / |c Edited by Angela McRobbie |
| 260 | |a Manchester : |b Manchester University Press, |c c1997 | ||
| 300 | |a 216 p. |b fig. | ||
| 504 | |a Includes bibliographical references and index | ||
| 650 | 0 | 0 | |a Culture |x Philosophy. |
| 650 | 0 | 0 | |a Sex role. |
| 650 | 0 | 0 | |a Popular culture. |
| 700 | 1 | |a McRobbie, Angela. |4 edt | |
| 852 | |a INST |b LESVOS |e 19981209 |h 306.01 BAC |p 005100017602 |q 005100017602 |t BK |y 0 | ||
| 901 | |a BIBL-1999-1 | ||
| 909 | |a Λ |b 060745 | ||
| 922 | |a 1ΕΛΗ |b 199811 |c ΚΠΣ/ΤΚ |d ΠΑΠΑΣΩΤΗΡΙΟΥ | ||
| 950 | |a 103-1998-07-27 | ||